000 00331nam a22001457a 4500
020 _qHB.
040 _cFIZZA ISHAQ
082 _a690
_bSID
100 _aLEVY, SIDNEY.
_990488
245 _aCONSTRUCTION DATABOOK /
_cSIDNEY LEVY.
250 _a2nd ED.
260 _bMC GRAW HILL,
_c2010.
300 _a688 P. ;
942 _2ddc
_cBK
999 _c588684
_d588684